[Event "DVM U16 2022"]
[Site "Darmstadt GER"]
[Date "2022.12.27"]
[Round "2"]
[White "Halabi, Ibrahim"]
[Black "Goldinov, Daniel"]
[Result "0-1"]
[Termination "normal"]
[Board "7.1"]
[WhiteElo "1927"]
[BlackElo "1687"]
[WhiteClock "00:26:46"]
[BlackClock "00:00:42"]
[WhiteTeam "SK Frankenthal"]
[BlackTeam "Stuttgarter SF 1879"]
[PlyCount "58"]
[WhiteFideId "16241754"]
[BlackFideId "34605649"]
[EventCountry "GER"]
[EventRounds "7"]
[EventType "team-swiss"]
[EventDate "2022.12.26"]

1. e4 {[%clk 1:30:59]} d6 {[%clk 1:30:53]} 2. d4 {[%clk 1:31:23]} Nf6 {[%clk
1:31:17]} 3. Nc3 {[%clk 1:31:48]} g6 {[%clk 1:31:43]} 4. f4 {[%clk 1:32:12]}
Bg7 {[%clk 1:32:08]} 5. Nf3 {[%clk 1:32:36]} O-O {[%clk 1:32:32]} 6. e5 {[%clk
1:32:41]} Nfd7 {[%clk 1:30:05]} 7. Be3 {[%clk 1:31:20]} c5 {[%clk 1:29:22]} 8.
Qd2 {[%clk 1:24:34]} cxd4 {[%clk 1:21:29]} 9. Bxd4 {[%clk 1:24:06]} dxe5 {[%clk
1:20:32]} 10. fxe5 {[%clk 1:16:19]} Nc6 {[%clk 1:12:00]} 11. O-O-O {[%clk
1:15:30]} Ndxe5 {[%clk 1:07:15]} 12. Qf4 {[%clk 1:02:54]} Qa5 {[%clk 0:53:29]}
13. Bxe5 {[%clk 1:01:26]} Bxe5 {[%clk 0:52:33]} 14. Nxe5 {[%clk 1:01:36]} Qxe5
{[%clk 0:52:31]} 15. Qh4 {[%clk 0:58:43]} Be6 {[%clk 0:37:42]} 16. Bb5 {[%clk
0:56:47]} Rfd8 {[%clk 0:35:03]} 17. Rde1 {[%clk 0:47:37]} Qc5 {[%clk 0:28:46]}
18. Ba4 {[%clk 0:45:06]} Rd4 {[%clk 0:23:01]} 19. Qh6 {[%clk 0:42:25]} Rc8
{[%clk 0:14:20]} 20. Ne4 {[%clk 0:34:26]} Qb4 {[%clk 0:11:20]} 21. Nc3 {[%clk
0:32:42]} Na5 {[%clk 0:07:07]} 22. a3 {[%clk 0:31:14]} Qc5 {[%clk 0:02:55]} 23.
h4 {[%clk 0:29:27]} Rxa4 {[%clk 0:01:11]} 24. Rxe6 {[%clk 0:28:09]} fxe6 {[%clk
0:00:52]} 25. h5 {[%clk 0:28:37]} g5 {[%clk 0:00:32]} 26. Qxe6 {[%clk 0:27:55]}
Kh8 {[%clk 0:00:55]} 27. Rd1 {[%clk 0:27:21]} Rxa3 {[%clk 0:00:45]} 28. bxa3
{[%clk 0:27:09]} Qxc3 {[%clk 0:00:40]} 29. Qf5 {[%clk 0:26:46]} Nb3 {[%clk
0:00:42]} 0-1

[Event "DVM U16 2022"]
[Site "Darmstadt GER"]
[Date "2022.12.27"]
[Round "2"]
[White "Gotfried, Elias"]
[Black "Morgenthaler, Nick"]
[Result "0-1"]
[Termination "normal"]
[Board "7.2"]
[WhiteElo "1172"]
[BlackElo "1320"]
[WhiteClock "00:16:24"]
[BlackClock "01:29:41"]
[WhiteTeam "Stuttgarter SF 1879"]
[BlackTeam "SK Frankenthal"]
[PlyCount "120"]
[WhiteFideId "34630171"]
[BlackFideId "16286138"]
[EventCountry "GER"]
[EventRounds "7"]
[EventType "team-swiss"]
[EventDate "2022.12.26"]

1. e4 {[%clk 1:30:58]} e6 {[%clk 1:30:55]} 2. d4 {[%clk 1:31:23]} d5 {[%clk
1:31:19]} 3. exd5 {[%clk 1:31:49]} exd5 {[%clk 1:31:37]} 4. Bd3 {[%clk
1:32:10]} Bd6 {[%clk 1:31:32]} 5. Ne2 {[%clk 1:32:24]} Bg4 {[%clk 1:31:37]} 6.
h3 {[%clk 1:31:05]} Bh5 {[%clk 1:30:31]} 7. c3 {[%clk 1:25:03]} c6 {[%clk
1:29:31]} 8. Qc2 {[%clk 1:24:09]} Qc7 {[%clk 1:29:32]} 9. Be3 {[%clk 1:23:07]}
Nd7 {[%clk 1:29:33]} 10. Nd2 {[%clk 1:22:59]} Ngf6 {[%clk 1:28:43]} 11. Nb3
{[%clk 1:20:56]} Bg6 {[%clk 1:27:57]} 12. Bxg6 {[%clk 1:20:27]} hxg6 {[%clk
1:28:17]} 13. O-O-O {[%clk 1:19:50]} a5 {[%clk 1:28:28]} 14. Rde1 {[%clk
1:15:57]} a4 {[%clk 1:23:58]} 15. Nd2 {[%clk 1:15:16]} b5 {[%clk 1:22:55]} 16.
Bf4 {[%clk 1:11:06]} O-O-O {[%clk 1:19:32]} 17. Bxd6 {[%clk 1:10:07]} Qxd6
{[%clk 1:20:00]} 18. a3 {[%clk 1:08:49]} Nb6 {[%clk 1:19:41]} 19. Ng1 {[%clk
1:06:28]} Qf4 {[%clk 1:15:58]} 20. Ngf3 {[%clk 1:03:32]} Nc4 {[%clk 1:13:17]}
21. Kb1 {[%clk 1:02:36]} Nxd2 {[%clk 1:11:30]} 22. Qxd2 {[%clk 1:02:56]} Qf5
{[%clk 1:11:48]} 23. Qc2 {[%clk 0:57:42]} Ne4 {[%clk 1:11:07]} 24. Ka1 {[%clk
0:56:14]} f6 {[%clk 1:11:05]} 25. Rhf1 {[%clk 0:54:13]} Rde8 {[%clk 1:09:20]}
26. Nd2 {[%clk 0:52:44]} Qg5 {[%clk 1:06:38]} 27. Nxe4 {[%clk 0:52:02]} dxe4
{[%clk 1:07:01]} 28. Rg1 {[%clk 0:44:42]} Qd5 {[%clk 1:05:42]} 29. Qe2 {[%clk
0:42:07]} f5 {[%clk 1:04:34]} 30. Qe3 {[%clk 0:41:04]} Rhf8 {[%clk 1:04:00]}
31. Qg5 {[%clk 0:39:39]} Rf6 {[%clk 1:02:33]} 32. Qf4 {[%clk 0:33:58]} Rfe6
{[%clk 1:01:25]} 33. g4 {[%clk 0:32:28]} R8e7 {[%clk 1:00:57]} 34. Re3 {[%clk
0:24:03]} Qd6 {[%clk 0:59:38]} 35. Qxd6 {[%clk 0:21:46]} Rxd6 {[%clk 0:59:35]}
36. gxf5 {[%clk 0:18:53]} gxf5 {[%clk 0:59:45]} 37. f4 {[%clk 0:18:41]} Rh6
{[%clk 0:58:58]} 38. b3 {[%clk 0:06:52]} axb3 {[%clk 0:59:17]} 39. Kb2 {[%clk
0:07:18]} Rh4 {[%clk 0:59:36]} 40. Rf1 {[%clk 0:07:40]} Kd7 {[%clk 0:57:54]}
41. Kxb3 {[%clk 0:06:50]} Ke6 {[%clk 0:58:00]} 42. c4 {[%clk 0:06:04]} Rd7
{[%clk 0:57:51]} 43. Kc3 {[%clk 0:01:16]} Ra7 {[%clk 0:58:06]} 44. Kb3 {[%clk
0:00:35]} Ra4 {[%clk 0:57:57]} 45. d5 {[%clk 0:28:40]} Kd6 {[%clk 1:27:49]} 46.
dxc6 {[%clk 0:24:32]} Rxc4 {[%clk 1:28:07]} 47. Rg3 {[%clk 0:23:20]} Kxc6
{[%clk 1:27:58]} 48. Rxg7 {[%clk 0:21:02]} Rxh3 {[%clk 1:28:21]} 49. Kb2 {[%clk
0:21:19]} e3 {[%clk 1:28:18]} 50. Rg6 {[%clk 0:20:09]} Kd5 {[%clk 1:27:57]} 51.
Rf6 {[%clk 0:19:39]} Ke4 {[%clk 1:27:51]} 52. Re6 {[%clk 0:19:52]} Kd3 {[%clk
1:28:15]} 53. Re5 {[%clk 0:18:15]} Ke2 {[%clk 1:28:32]} 54. Rb1 {[%clk
0:16:48]} Kf2 {[%clk 1:27:43]} 55. Rxf5 {[%clk 0:16:17]} e2 {[%clk 1:28:11]}
56. Re5 {[%clk 0:16:28]} Re3 {[%clk 1:28:28]} 57. Rxe3 {[%clk 0:15:39]} Kxe3
{[%clk 1:28:47]} 58. f5 {[%clk 0:15:51]} Rf4 {[%clk 1:28:59]} 59. Ka2 {[%clk
0:16:00]} Rxf5 {[%clk 1:29:16]} 60. Rb3 {[%clk 0:16:24]} Kf2 {[%clk 1:29:41]}
0-1

[Event "DVM U16 2022"]
[Site "Darmstadt GER"]
[Date "2022.12.27"]
[Round "2"]
[White "Schreidl, Michael"]
[Black "Sökler, Jakob"]
[Result "1-0"]
[Termination "normal"]
[Board "7.3"]
[WhiteElo "1713"]
[BlackElo "1585"]
[WhiteClock "01:07:44"]
[BlackClock "01:03:47"]
[WhiteTeam "SK Frankenthal"]
[BlackTeam "Stuttgarter SF 1879"]
[PlyCount "45"]
[WhiteFideId "16265750"]
[BlackFideId "34630350"]
[EventCountry "GER"]
[EventRounds "7"]
[EventType "team-swiss"]
[EventDate "2022.12.26"]

1. e4 {[%clk 1:30:59]} c6 {[%clk 1:30:55]} 2. Nc3 {[%clk 1:31:22]} d5 {[%clk
1:31:19]} 3. Nf3 {[%clk 1:31:49]} dxe4 {[%clk 1:30:34]} 4. Nxe4 {[%clk
1:32:14]} Bg4 {[%clk 1:30:23]} 5. Ng3 {[%clk 1:31:16]} e6 {[%clk 1:30:00]} 6.
h3 {[%clk 1:31:09]} Bxf3 {[%clk 1:30:23]} 7. Qxf3 {[%clk 1:31:34]} Nf6 {[%clk
1:30:11]} 8. Bc4 {[%clk 1:29:07]} Be7 {[%clk 1:30:18]} 9. c3 {[%clk 1:27:15]}
O-O {[%clk 1:30:12]} 10. O-O {[%clk 1:26:19]} Nbd7 {[%clk 1:29:43]} 11. d4
{[%clk 1:25:53]} Nd5 {[%clk 1:26:51]} 12. Bd3 {[%clk 1:21:14]} h6 {[%clk
1:25:08]} 13. c4 {[%clk 1:17:21]} N5b6 {[%clk 1:21:49]} 14. Bc2 {[%clk
1:15:56]} Nf6 {[%clk 1:15:09]} 15. Qd3 {[%clk 1:13:08]} Rc8 {[%clk 1:11:50]}
16. Nh5 {[%clk 1:09:56]} Nbd7 {[%clk 1:11:56]} 17. Bxh6 {[%clk 1:08:29]} gxh6
{[%clk 1:05:21]} 18. Qg3 {[%clk 1:08:50]} Ng4 {[%clk 1:05:43]} 19. Qxg4 {[%clk
1:09:15]} Bg5 {[%clk 1:06:09]} 20. h4 {[%clk 1:07:58]} f5 {[%clk 1:06:11]} 21.
Qg3 {[%clk 1:08:12]} Qe8 {[%clk 1:04:42]} 22. Nf4 {[%clk 1:07:35]} Nf6 {[%clk
1:03:47]} 23. hxg5 {[%clk 1:07:44]} 1-0

[Event "DVM U16 2022"]
[Site "Darmstadt GER"]
[Date "2022.12.27"]
[Round "2"]
[White "Nuñez Grégoire, Daniel"]
[Black "Huang, Luca Hanson"]
[Result "1-0"]
[Termination "normal"]
[Board "7.4"]
[WhiteElo "1650"]
[BlackElo "1538"]
[WhiteClock "01:51:37"]
[BlackClock "00:27:16"]
[WhiteTeam "Stuttgarter SF 1879"]
[BlackTeam "SK Frankenthal"]
[PlyCount "115"]
[WhiteFideId "34627103"]
[BlackFideId "16279182"]
[EventCountry "GER"]
[EventRounds "7"]
[EventType "team-swiss"]
[EventDate "2022.12.26"]

1. d4 {[%clk 1:30:58]} d5 {[%clk 1:30:51]} 2. Nc3 {[%clk 1:31:11]} Nf6 {[%clk
1:30:39]} 3. Bg5 {[%clk 1:31:18]} e6 {[%clk 1:30:48]} 4. e3 {[%clk 1:31:01]}
Be7 {[%clk 1:30:20]} 5. Nf3 {[%clk 1:31:17]} O-O {[%clk 1:29:48]} 6. Bd3 {[%clk
1:31:36]} h6 {[%clk 1:28:59]} 7. Bh4 {[%clk 1:31:53]} b6 {[%clk 1:28:49]} 8.
O-O {[%clk 1:31:53]} Bb7 {[%clk 1:27:36]} 9. h3 {[%clk 1:31:53]} Nbd7 {[%clk
1:26:55]} 10. a3 {[%clk 1:31:54]} c5 {[%clk 1:26:43]} 11. Be2 {[%clk 1:30:09]}
Rc8 {[%clk 1:24:27]} 12. Bg3 {[%clk 1:29:57]} a6 {[%clk 1:22:43]} 13. Ne5
{[%clk 1:29:06]} Nxe5 {[%clk 1:20:59]} 14. Bxe5 {[%clk 1:29:25]} Bd6 {[%clk
1:19:46]} 15. Bxd6 {[%clk 1:29:42]} Qxd6 {[%clk 1:20:05]} 16. Bf3 {[%clk
1:28:38]} e5 {[%clk 1:14:10]} 17. dxe5 {[%clk 1:27:37]} Qxe5 {[%clk 1:14:06]}
18. Rb1 {[%clk 1:27:10]} Rfd8 {[%clk 1:13:01]} 19. Re1 {[%clk 1:25:38]} Qc7
{[%clk 1:08:21]} 20. Qe2 {[%clk 1:25:17]} b5 {[%clk 0:58:22]} 21. Rbc1 {[%clk
1:22:03]} d4 {[%clk 0:50:49]} 22. Bxb7 {[%clk 1:21:42]} Qxb7 {[%clk 0:50:59]}
23. exd4 {[%clk 1:21:51]} cxd4 {[%clk 0:47:50]} 24. Ne4 {[%clk 1:21:47]} Nxe4
{[%clk 0:47:28]} 25. Qxe4 {[%clk 1:22:08]} Qxe4 {[%clk 0:47:56]} 26. Rxe4
{[%clk 1:22:30]} d3 {[%clk 0:46:40]} 27. c3 {[%clk 1:22:35]} a5 {[%clk
0:40:14]} 28. Rd1 {[%clk 1:21:30]} Rc4 {[%clk 0:24:37]} 29. Re3 {[%clk
1:21:29]} d2 {[%clk 0:24:45]} 30. Kf1 {[%clk 1:16:15]} b4 {[%clk 0:19:31]} 31.
axb4 {[%clk 1:16:28]} axb4 {[%clk 0:17:08]} 32. Ke2 {[%clk 1:16:43]} Rdc8
{[%clk 0:04:11]} 33. Kxd2 {[%clk 1:16:58]} bxc3 {[%clk 0:04:06]} 34. Rxc3
{[%clk 1:17:03]} Rxc3 {[%clk 0:03:16]} 35. bxc3 {[%clk 1:16:43]} f5 {[%clk
0:03:05]} 36. Rc1 {[%clk 1:17:00]} Kf7 {[%clk 0:03:24]} 37. Rc2 {[%clk
1:17:17]} Ke6 {[%clk 0:03:33]} 38. c4 {[%clk 1:17:33]} Ke5 {[%clk 0:03:25]} 39.
Kc3 {[%clk 1:17:25]} g5 {[%clk 0:02:06]} 40. Kb4 {[%clk 1:17:27]} Rb8 {[%clk
0:01:00]} 41. Kc5 {[%clk 1:17:46]} h5 {[%clk 0:29:30]} 42. Kc6 {[%clk 1:48:05]}
h4 {[%clk 0:28:56]} 43. Kc7 {[%clk 1:48:15]} Rb3 {[%clk 0:29:17]} 44. c5 {[%clk
1:48:33]} g4 {[%clk 0:28:19]} 45. hxg4 {[%clk 1:48:16]} fxg4 {[%clk 0:28:15]}
46. c6 {[%clk 1:48:31]} h3 {[%clk 0:26:49]} 47. gxh3 {[%clk 1:48:46]} gxh3
{[%clk 0:27:10]} 48. Kd7 {[%clk 1:48:49]} h2 {[%clk 0:26:28]} 49. f4 {[%clk
1:49:14]} Kxf4 {[%clk 0:26:20]} 50. Rxh2 {[%clk 1:49:33]} Rc3 {[%clk 0:26:33]}
51. Rd2 {[%clk 1:49:49]} Ke3 {[%clk 0:26:34]} 52. Rd6 {[%clk 1:50:07]} Rxc6
{[%clk 0:26:27]} 53. Kxc6 {[%clk 1:50:29]} Ke4 {[%clk 0:26:48]} 54. Rd5 {[%clk
1:50:46]} Kf4 {[%clk 0:27:01]} 55. Kc5 {[%clk 1:51:00]} Ke4 {[%clk 0:27:08]}
56. Kc4 {[%clk 1:51:19]} Kf4 {[%clk 0:27:21]} 57. Kd3 {[%clk 1:51:37]} Kf3
{[%clk 0:27:16]} 58. Rf5 1-0

[Event "DVM U16 2022"]
[Site "Darmstadt GER"]
[Date "2022.12.27"]
[Round "2"]
[White "Eichhorn, Valentin"]
[Black "Elstner, Florian"]
[Result "1/2-1/2"]
[Termination "normal"]
[Board "8.1"]
[WhiteElo "1566"]
[BlackElo "1736"]
[WhiteClock "00:26:56"]
[BlackClock "00:10:57"]
[WhiteTeam "Karlsruher SF 1853"]
[BlackTeam "Schachklub König Plauen"]
[PlyCount "100"]
[WhiteFideId "16239032"]
[BlackFideId "16247264"]
[EventCountry "GER"]
[EventRounds "7"]
[EventType "team-swiss"]
[EventDate "2022.12.26"]

1. d4 {[%clk 1:30:56]} d5 {[%clk 1:30:55]} 2. Nf3 {[%clk 1:31:19]} Nf6 {[%clk
1:31:13]} 3. e3 {[%clk 1:31:42]} Bg4 {[%clk 1:31:07]} 4. c4 {[%clk 1:31:30]} e6
{[%clk 1:30:29]} 5. Nbd2 {[%clk 1:30:46]} Be7 {[%clk 1:30:09]} 6. Bd3 {[%clk
1:30:56]} O-O {[%clk 1:30:27]} 7. O-O {[%clk 1:31:18]} c5 {[%clk 1:29:35]} 8.
Qc2 {[%clk 1:30:27]} Nc6 {[%clk 1:29:04]} 9. a3 {[%clk 1:29:30]} dxc4 {[%clk
1:27:38]} 10. Qxc4 {[%clk 1:26:10]} cxd4 {[%clk 1:25:02]} 11. exd4 {[%clk
1:23:19]} Rc8 {[%clk 1:23:31]} 12. Qa4 {[%clk 1:19:35]} Qc7 {[%clk 1:12:06]}
13. b4 {[%clk 1:18:38]} Bxf3 {[%clk 1:07:27]} 14. Nxf3 {[%clk 1:18:43]} Nxd4
{[%clk 1:04:26]} 15. Nxd4 {[%clk 1:05:24]} Qc3 {[%clk 1:04:42]} 16. Bxh7 {[%clk
1:01:50]} Kxh7 {[%clk 1:03:59]} 17. Be3 {[%clk 1:01:34]} Nd5 {[%clk 0:59:38]}
18. Nb5 {[%clk 0:58:23]} Qc6 {[%clk 0:51:43]} 19. Rac1 {[%clk 0:45:37]} Qd7
{[%clk 0:50:13]} 20. Nc3 {[%clk 0:40:39]} Qxa4 {[%clk 0:43:55]} 21. Nxa4 {[%clk
0:39:03]} Nxe3 {[%clk 0:44:19]} 22. fxe3 {[%clk 0:39:26]} Bg5 {[%clk 0:43:21]}
23. Kf2 {[%clk 0:38:27]} b6 {[%clk 0:41:52]} 24. Ke2 {[%clk 0:35:10]} Kg6
{[%clk 0:38:12]} 25. Nb2 {[%clk 0:34:13]} f5 {[%clk 0:29:11]} 26. Nd3 {[%clk
0:31:39]} Bf6 {[%clk 0:27:23]} 27. Kd2 {[%clk 0:28:46]} Kf7 {[%clk 0:26:19]}
28. Rxc8 {[%clk 0:27:20]} Rxc8 {[%clk 0:26:40]} 29. Rc1 {[%clk 0:27:35]} Rxc1
{[%clk 0:26:28]} 30. Kxc1 {[%clk 0:27:40]} Ke7 {[%clk 0:23:57]} 31. Kc2 {[%clk
0:25:37]} Kd6 {[%clk 0:22:52]} 32. Nf2 {[%clk 0:23:49]} Kd5 {[%clk 0:18:37]}
33. Kd3 {[%clk 0:22:57]} b5 {[%clk 0:17:57]} 34. Nd1 {[%clk 0:21:15]} a6 {[%clk
0:15:33]} 35. g3 {[%clk 0:19:03]} Be5 {[%clk 0:14:43]} 36. Nf2 {[%clk 0:09:54]}
Bb2 {[%clk 0:13:03]} 37. e4 {[%clk 0:08:15]} fxe4 {[%clk 0:11:47]} 38. Nxe4
{[%clk 0:08:39]} Bxa3 {[%clk 0:11:02]} 39. Nc3 {[%clk 0:08:27]} Ke5 {[%clk
0:11:19]} 40. Na2 {[%clk 0:08:18]} Bb2 {[%clk 0:11:35]} 41. h3 {[%clk 0:07:15]}
Kf5 {[%clk 0:10:57]} 42. Ke3 {[%clk 0:06:28]} g6 {[%clk 0:07:41]} 43. Kf3
{[%clk 0:06:14]} g5 {[%clk 0:07:03]} 44. Ke3 {[%clk 0:00:36]} g4 {[%clk
0:05:42]} 45. h4 {[%clk 0:00:39]} Ke5 {[%clk 0:05:35]} 46. Kd3 {[%clk 0:00:46]}
Kd5 {[%clk 0:03:01]} 47. Nc3 {[%clk 0:29:50]} Ke5 {[%clk 0:14:12]} 48. Ne2
{[%clk 0:28:25]} Kd5 {[%clk 0:11:52]} 49. Nc3 {[%clk 0:27:49]} Ke5 {[%clk
0:10:46]} 50. Ne2 {[%clk 0:26:56]} Kd5 {[%clk 0:10:57]} 1/2-1/2

[Event "DVM U16 2022"]
[Site "Darmstadt GER"]
[Date "2022.12.27"]
[Round "2"]
[White "Melestean, Timur"]
[Black "Hoffmann, Alexander"]
[Result "1/2-1/2"]
[Termination "normal"]
[Board "8.2"]
[WhiteElo "1718"]
[BlackElo "1635"]
[WhiteClock "01:37:27"]
[BlackClock "00:11:25"]
[WhiteTeam "Schachklub König Plauen"]
[BlackTeam "Karlsruher SF 1853"]
[PlyCount "144"]
[WhiteFideId "16280385"]
[BlackFideId "16240219"]
[EventCountry "GER"]
[EventRounds "7"]
[EventType "team-swiss"]
[EventDate "2022.12.26"]

1. d4 {[%clk 1:30:54]} Nf6 {[%clk 1:30:55]} 2. Nf3 {[%clk 1:31:21]} e6 {[%clk
1:31:18]} 3. c4 {[%clk 1:31:46]} c5 {[%clk 1:31:41]} 4. Nc3 {[%clk 1:32:12]}
cxd4 {[%clk 1:31:17]} 5. Nxd4 {[%clk 1:32:36]} Nc6 {[%clk 1:31:25]} 6. g3
{[%clk 1:32:45]} Bb4 {[%clk 1:30:22]} 7. Ndb5 {[%clk 1:31:50]} d5 {[%clk
1:28:34]} 8. cxd5 {[%clk 1:30:52]} Nxd5 {[%clk 1:24:38]} 9. Bd2 {[%clk
1:30:37]} Nc7 {[%clk 1:10:49]} 10. Nxc7 {[%clk 1:30:40]} Qxc7 {[%clk 1:11:11]}
11. a3 {[%clk 1:30:24]} Be7 {[%clk 1:10:32]} 12. Bg2 {[%clk 1:30:28]} O-O
{[%clk 1:09:43]} 13. Bf4 {[%clk 1:30:19]} e5 {[%clk 1:07:45]} 14. Nd5 {[%clk
1:29:34]} Qd8 {[%clk 1:04:11]} 15. Be3 {[%clk 1:28:03]} Bd6 {[%clk 1:01:55]}
16. O-O {[%clk 1:28:03]} Be6 {[%clk 1:00:28]} 17. Nc3 {[%clk 1:27:21]} Rc8
{[%clk 0:57:53]} 18. Ne4 {[%clk 1:26:46]} Be7 {[%clk 0:56:36]} 19. Nc5 {[%clk
1:26:41]} Bxc5 {[%clk 0:55:59]} 20. Bxc5 {[%clk 1:27:07]} Re8 {[%clk 0:54:48]}
21. Qxd8 {[%clk 1:25:45]} Rexd8 {[%clk 0:54:27]} 22. Rfd1 {[%clk 1:25:54]} f6
{[%clk 0:34:26]} 23. Be3 {[%clk 1:24:06]} b6 {[%clk 0:31:37]} 24. Rac1 {[%clk
1:21:22]} Rxd1 {[%clk 0:25:02]} 25. Rxd1 {[%clk 1:21:45]} Nd4 {[%clk 0:24:38]}
26. Bxd4 {[%clk 1:19:27]} exd4 {[%clk 0:24:57]} 27. Be4 {[%clk 1:19:31]} f5
{[%clk 0:21:54]} 28. Bd3 {[%clk 1:19:28]} g6 {[%clk 0:21:58]} 29. Kf1 {[%clk
1:18:28]} Kf7 {[%clk 0:20:38]} 30. Ke1 {[%clk 1:18:10]} Bb3 {[%clk 0:20:43]}
31. Ra1 {[%clk 1:18:32]} Ke6 {[%clk 0:20:11]} 32. Kd2 {[%clk 1:18:48]} Kd5
{[%clk 0:19:37]} 33. h4 {[%clk 1:18:25]} Bc4 {[%clk 0:15:47]} 34. Rc1 {[%clk
1:17:55]} Rc6 {[%clk 0:14:58]} 35. Bc2 {[%clk 1:16:09]} Re6 {[%clk 0:12:21]}
36. Bd1 {[%clk 1:14:39]} Re7 {[%clk 0:11:46]} 37. Ra1 {[%clk 1:12:59]} h6
{[%clk 0:07:48]} 38. a4 {[%clk 1:10:57]} a5 {[%clk 0:07:40]} 39. Rc1 {[%clk
1:11:17]} Rg7 {[%clk 0:03:35]} 40. Bc2 {[%clk 1:11:02]} Re7 {[%clk 0:03:29]}
41. Bd3 {[%clk 1:11:12]} b5 {[%clk 0:25:50]} 42. axb5 {[%clk 1:40:23]} Bxd3
{[%clk 0:25:53]} 43. Kxd3 {[%clk 1:40:42]} Rb7 {[%clk 0:26:11]} 44. Rc4 {[%clk
1:35:51]} Rxb5 {[%clk 0:25:46]} 45. Rxd4 {[%clk 1:36:16]} Kc5 {[%clk 0:25:50]}
46. Rc4 {[%clk 1:36:36]} Kd5 {[%clk 0:25:16]} 47. Kc3 {[%clk 1:36:05]} Rxb2
{[%clk 0:23:27]} 48. Ra4 {[%clk 1:32:14]} Rxe2 {[%clk 0:19:47]} 49. Rxa5 {[%clk
1:32:40]} Ke4 {[%clk 0:14:00]} 50. Ra6 {[%clk 1:33:02]} Rxf2 {[%clk 0:13:54]}
51. Rxg6 {[%clk 1:33:26]} Kf3 {[%clk 0:13:17]} 52. Kd4 {[%clk 1:32:48]} Re2
{[%clk 0:11:31]} 53. h5 {[%clk 1:32:27]} Re8 {[%clk 0:11:37]} 54. Kd3 {[%clk
1:32:25]} Rd8 {[%clk 0:10:10]} 55. Kc2 {[%clk 1:32:27]} Kg2 {[%clk 0:09:35]}
56. Rf6 {[%clk 1:32:12]} Kxg3 {[%clk 0:09:44]} 57. Rxf5 {[%clk 1:32:37]} Kg4
{[%clk 0:10:07]} 58. Ra5 {[%clk 1:33:01]} Rd4 {[%clk 0:09:58]} 59. Rb5 {[%clk
1:33:08]} Kh4 {[%clk 0:09:52]} 60. Ra5 {[%clk 1:33:25]} Rg4 {[%clk 0:08:20]}
61. Kd3 {[%clk 1:33:11]} Rg5 {[%clk 0:08:36]} 62. Ra4 {[%clk 1:33:35]} Kxh5
{[%clk 0:08:58]} 63. Ke3 {[%clk 1:33:59]} Rf5 {[%clk 0:09:04]} 64. Rf4 {[%clk
1:34:23]} Rxf4 {[%clk 0:08:38]} 65. Kxf4 {[%clk 1:34:47]} Kh4 {[%clk 0:09:06]}
66. Kf3 {[%clk 1:35:08]} Kh3 {[%clk 0:09:23]} 67. Kf2 {[%clk 1:35:27]} Kh2
{[%clk 0:09:46]} 68. Kf1 {[%clk 1:35:42]} h5 {[%clk 0:09:52]} 69. Kf2 {[%clk
1:36:07]} h4 {[%clk 0:10:08]} 70. Kf1 {[%clk 1:36:33]} h3 {[%clk 0:10:34]} 71.
Kf2 {[%clk 1:37:00]} Kh1 {[%clk 0:11:00]} 72. Kf1 {[%clk 1:37:27]} h2 {[%clk
0:11:25]} 1/2-1/2

[Event "DVM U16 2022"]
[Site "Darmstadt GER"]
[Date "2022.12.27"]
[Round "2"]
[White "Hoffmann, Sophia"]
[Black "Atze, Reinhard"]
[Result "0-1"]
[Termination "normal"]
[Board "8.3"]
[WhiteElo "1352"]
[BlackElo "1329"]
[WhiteClock "00:54:55"]
[BlackClock "01:11:19"]
[WhiteTeam "Karlsruher SF 1853"]
[BlackTeam "Schachklub König Plauen"]
[PlyCount "70"]
[WhiteFideId "16259130"]
[BlackFideId "12995665"]
[EventCountry "GER"]
[EventRounds "7"]
[EventType "team-swiss"]
[EventDate "2022.12.26"]

1. d4 {[%clk 1:30:57]} d5 {[%clk 1:30:53]} 2. Nf3 {[%clk 1:31:22]} Nf6 {[%clk
1:31:18]} 3. Bf4 {[%clk 1:31:47]} e6 {[%clk 1:31:26]} 4. e3 {[%clk 1:32:05]} c5
{[%clk 1:31:50]} 5. c3 {[%clk 1:32:26]} Nc6 {[%clk 1:31:57]} 6. Bd3 {[%clk
1:32:39]} Bd6 {[%clk 1:32:15]} 7. Bg3 {[%clk 1:32:58]} O-O {[%clk 1:31:35]} 8.
O-O {[%clk 1:33:11]} b6 {[%clk 1:29:46]} 9. Nbd2 {[%clk 1:32:37]} Bxg3 {[%clk
1:27:16]} 10. fxg3 {[%clk 1:32:18]} Qd6 {[%clk 1:25:45]} 11. e4 {[%clk
1:30:45]} dxe4 {[%clk 1:25:38]} 12. Nxe4 {[%clk 1:30:57]} Nxe4 {[%clk 1:25:22]}
13. Bxe4 {[%clk 1:31:18]} Bb7 {[%clk 1:25:12]} 14. Bc2 {[%clk 1:30:33]} cxd4
{[%clk 1:19:14]} 15. cxd4 {[%clk 1:22:36]} Rad8 {[%clk 1:17:25]} 16. Qd3 {[%clk
1:21:45]} g6 {[%clk 1:16:48]} 17. Rad1 {[%clk 1:20:50]} Nb4 {[%clk 1:17:01]}
18. Qb3 {[%clk 1:20:25]} Bd5 {[%clk 1:13:58]} 19. Qa4 {[%clk 1:16:05]} b5
{[%clk 1:13:54]} 20. Qxb5 {[%clk 1:11:23]} Nxc2 {[%clk 1:14:00]} 21. Qe2 {[%clk
1:08:05]} Bxf3 {[%clk 1:13:37]} 22. gxf3 {[%clk 1:02:47]} Nxd4 {[%clk 1:13:37]}
23. Qe3 {[%clk 0:59:37]} Qb6 {[%clk 1:13:44]} 24. Kg2 {[%clk 0:56:38]} Nf5
{[%clk 1:13:01]} 25. Qxb6 {[%clk 0:55:45]} axb6 {[%clk 1:13:24]} 26. Kf2 {[%clk
0:55:24]} Rxd1 {[%clk 1:13:35]} 27. Rxd1 {[%clk 0:55:48]} Rc8 {[%clk 1:14:00]}
28. Rd2 {[%clk 0:55:45]} Ne7 {[%clk 1:13:59]} 29. Ke3 {[%clk 0:55:45]} Nd5
{[%clk 1:14:18]} 30. Ke4 {[%clk 0:55:43]} f5 {[%clk 1:13:34]} 31. Ke5 {[%clk
0:55:50]} Kf7 {[%clk 1:13:25]} 32. f4 {[%clk 0:55:10]} Ke7 {[%clk 1:12:52]} 33.
h3 {[%clk 0:54:50]} Rc4 {[%clk 1:13:11]} 34. Re2 {[%clk 0:54:48]} h5 {[%clk
1:12:08]} 35. h4 {[%clk 0:54:55]} Nf6 {[%clk 1:11:19]} 0-1